000
00300nam a2200121Ia 4500
008
240624s9999 xx 000 0 und d
041
_a
eng
082
_a
670 ALA
100
_a
CHENNAKESAVA
245
_a
CAD CAM CONCEPTS AND APPLICATIONS
260
_c
2009
_a
New Delhi
_b
PHI Learning
365
_c
RS
_b
35
999
_c
14052
_d
14052